[Event "email PCM-2006-G7"]
[Site "?"]
[Date "2006.??.??"]
[Round "?"]
[White "Sternik, Ryszard POL"]
[Black "Bryant, Barry ENG"]
[Result "1-0"]
[WhiteElo "1938"]
[BlackElo "1583"]
[PlyCount "65"]

1. e4 e5 2. f4 exf4 3. Nf3 Nc6 ({aktywniejsze} 3... g5 4. d4 d6 5. Nc3 Bg7 6.
g3 f5 7. gxf4 g4 8. Ng5 h6 9. exf5 hxg5 10. Qxg4 Qe7+ 11. Be2 Nc6 12. Bd2 Nxd4
13. O-O-O Bxf5 14. Bb5+ c6 15. Qg2 Bh3 16. Qf2 O-O-O 17. Bd3 gxf4 18. Qxf4 Be5
19. Qe3 Rf8 20. Rhg1 Nf6 {0:1 - Hague,B-Stock,T, corr Theme GT 1999}) 4. Bc4 g5
5. h4 g4 6. Ng5 Nh6 (6... Ne5 7. Nxf7 Nxf7 8. Bxf7+ Kxf7 9. Qxg4 Bh6 10. Qh5+
Kg7 11. e5 d6 12. g4 Nf6 13. exf6+ Qxf6 14. g5 Qe5+ 15. Qe2 Qxe2+ 16. Kxe2 Bg4+
17. Kf2 Bxg5 18. hxg5 Kg6 19. Nc3 Kxg5 20. d3 h5 21. Bd2 Rae8 22. Rae1 d5 23.
Nxd5 c6 24. Nc3 h4 {Brumel.E-Connat, Saint Quentin op B 1999 (1:0-54)}) 7. d4
f6 (7... Bg7 8. c3 f6 9. Bxf4 fxg5 10. hxg5 Nf7 11. Bxf7+ Kxf7 12. Rf1 Kg6 13.
Qxg4 d5 14. Qg3 dxe4 15. Nd2 Bf5 16. O-O-O Qd5 17. Be3 Qe6 18. d5 Qxd5 19. Nf3
Qxa2 20. Nh4+ Kh5 21. Nxf5 Qa1+ 22. Kd2 Qxb2+ 23. Ke1 Bxc3+ 24. Bd2 Bxd2+ 25.
Rxd2 Qb1+ 26. Rd1 Qb4+ 27. Ke2 {
remis - Busch,S-Beutel,H, email Kingsbishop 2 Gambit theme 2001}) 8. Bxf4 Qe7 (
8... fxg5 $6 9. Bxg5 Ne7 10. O-O d5 11. Bxd5 Bg7 12. Bxh6 Bxh6 13. Bf7+ Kf8 14.
Be6+ Ke8 $11 {po kazdym innym posuniecu, czarne uzyskuja przewage, np.:} 15.
Bf7+ (15. Bxc8 Rxc8 16. Nc3 Be3+ 17. Kh1 Rg8 18. Qe2 Bxd4 19. Qc4 Rf8 $17)) 9.
Nc3 ({lepsze} 9. O-O Bg7 10. Nc3 fxg5 11. Nd5 Bxd4+ 12. Kh1 gxf4 (12... Qc5 $2
13. Bxg5 Be5 14. Bxh6 $18) 13. Nxe7 Kxe7 14. Qd2 Be3 $11) 9... fxg5 (9... Qb4
10. Bb3 fxg5 11. hxg5 Ng8 12. d5 Bg7 13. dxc6 Bxc3+ 14. bxc3 Qxc3+ 15. Kf2 $14)
10. hxg5 Nf7 11. Nd5 Qxe4+ 12. Kf2 Be7 13. Re1 Qf5 14. Rxe7+ Kd8 (14... Nxe7
15. Qe2 (15. Nxc7+ $4 Kd8 16. g3 Nxg5 17. Nxa8 Nh3+ $19 {z szybkim pogromem})
15... Ne5 16. Qxe5 Qxe5 17. Bxe5 Nxd5 18. Bxh8 $18) 15. Kg1 ({mozna tez} 15.
Rxf7 Qxf7 16. Kg3 d6 17. Nb6 $18) 15... d6 16. Qe1 Bd7 17. g6 Ng5 (17... Qxg6
18. Rxf7 Qxf7 19. Bg5+ Kc8 20. Nb6+ $18 {z latwa wygrana}) 18. Bxg5 Qxg5 19. g7
Rg8 20. Rf7 Be8 {rownowaga materialna, ale czarne maja kompletnie przegrana}
21. Rf8 Ne7 22. Nf4 (22. Bb5 {wygrywalo szybciej} Qxd5 23. Bxe8 c5 24. Qa5+ b6
25. Qb5 Nc6 26. Bxc6+ {i koniec}) 22... Kd7 23. Bxg8 Qxg7 24. Qe6+ Kc6 25. Qc4+
Kb6 26. Qb4+ Kc6 27. d5+ Nxd5 28. Bxd5+ Kd7 29. Re1 a6 30. Qxb7 Qd4+ 31. Kh1 h6
32. Qc6+ Kc8 33. Rfxe8# {slaby partner, ale i tacy graja....  Niedokonczony
turniej:  1.Sternik,R          4    z 6  2.Louro,E ITA     3,5  z 5   2194  3.
Baer,W GER    2,5  z 3   2110  4.Herzog,K GER 2     z 3   1974} 1-0

[Event "email 1 Bieszczady (Sternik,R)"]
[Site "Poland"]
[Date "2002.??.??"]
[Round "?"]
[White "Sternik, Ryszard"]
[Black "Cholojczyk, Zbigniew"]
[Result "1/2-1/2"]
[WhiteElo "1920"]
[BlackElo "2007"]
[PlyCount "75"]
[EventDate "2001.??.??"]
[EventType "tourn (corr)"]
[EventRounds "9"]
[EventCountry "POL"]
[Source "ChessBase"]
[SourceDate "2004.06.15"]

1. e4 e5 2. f4 exf4 3. Nf3 d6 4. Bc4 h6 5. h4 (5. d3 g5 6. g3 (6. h4 Bg7 7. g3)
6... Nc6 (6... fxg3 7. hxg3 Bg7 $13) 7. gxf4 g4 (7... Bg4 $5) 8. Ng1 Qh4+ 9.
Kf1 f5 (9... Nf6 10. Nc3 Be6 $15) 10. Nc3 Nf6 11. Kg2 fxe4 (11... Rh7 12. h3 $2
Rg7 $17) 12. dxe4 Bd7 13. h3 Nh5 (13... gxh3+ 14. Nxh3 Qg4+ $15) 14. hxg4 Qg3+
15. Kf1 Nxf4 (15... Bxg4 16. Qd5 O-O-O 17. Rxh5 Ne7 18. Qf7) 16. Qf3 Qxf3+ 17.
Nxf3 Ng6 (17... Bxg4 $1 18. Ng5 Nh5 19. Bf7+ Kd8 20. Bxh5 hxg5 21. Bxg5+ Be7
$17) 18. g5 Bg4 (18... h5 19. Nd5 O-O-O 20. Nf6 $44 {Bielawski,A}) 19. Be2
O-O-O 20. gxh6 Be7 21. Rg1 Bh5 22. Be3 Rdf8 23. Ke1 Nf4 {
Belotti,B-Bielawski,A, Reggio del Emilia 1996   (remis-64)}) 5... Nf6 6. Nc3 c6
(6... Bg4 7. d4 Be7 8. Bxf4 Nh5 9. Be3 O-O 10. Qd2 Bxf3 11. gxf3 Bxh4+ 12. Kd1
Qf6 13. Qg2 Nf4 14. Bxf4 Qxf4 15. Nd5 Qg3 16. Qxg3 Bxg3 17. Rh3 Bf2 18. c3 Nc6
19. Ke2 Bxd4 20. cxd4 Nxd4+ 21. Kf2 Rfd8 22. Rg1 Kf8 23. Rhg3 g6 {
Westerinen,H-Tallaksen,GS, Gausdal Classics IM-B 2001 (1:0-41)}) 7. d4 b5 (7...
d5 8. Bb3 Bb4 9. exd5 Nxd5 10. O-O Bxc3 11. bxc3 O-O 12. Ne5 Be6 13. Qh5 Nd7
14. Nxd7 Qxd7 15. Bxd5 Qxd5 16. Qxd5 Bxd5 17. Bxf4 Rfe8 18. Rf2 Re4 19. a3 Rae8
20. Rd1 f6 21. Kh2 Bc4 22. Rb1 b6 {
Salmensuu,O-Gyimesi,Z, Guaparava ch U-18 Brasilia 1995 (remis-60)}) 8. Bd3 (8.
Bb3 Bg4 9. O-O Be7 10. Bxf4 Nh5 11. Bh2 Bxh4 12. Bxf7+ Kxf7 13. Ne5+ Kg8 14.
Nxg4 Qg5 15. Rf5 Qg6 16. Qf3 Nd7 17. Qh3 Bf6 18. Qxh5 Bxd4+ 19. Kh1 Qxh5 20.
Rxh5 Bxc3 21. bxc3 Rf8 22. Bxd6 Rf7 23. e5 Nf8 24. Re1 Ng6 25. e6 {
1:0 - Vann,M-Hubbard,K, Cambridge 1991}) 8... Nh5 9. Ne2 g5 10. hxg5 hxg5 11.
a4 b4 12. d5 (12. Qd2 a5 13. d5 Bd7 14. g3 Bg4 15. Nfd4 Qf6 $17) 12... g4 13.
Nfd4 Qf6 $6 (13... Be7 14. Qd2 Bh4+ 15. Kd1 Qf6 16. Nxc6 Bg3 $15) 14. Nf5 Bxf5
15. exf5 f3 16. gxf3 gxf3 17. dxc6 Qe5 (17... fxe2 18. Qxe2+ Qe5 19. Qxe5+ dxe5
20. Be4 $11) 18. Bb5 $6 (18. Bc4 fxe2 19. Qd5 Qg3+ 20. Kxe2 Kd8 21. Be3 Bh6 22.
Bxh6 Rxh6 23. Kd1 $11) 18... Bg7 $17 19. Qd3 (19. c7+ Nd7 20. Qd3 Qxe2+ 21.
Qxe2+ fxe2 22. Ba6 Ke7 23. c8=Q Raxc8 24. Bxc8 Rxc8 $15) 19... Qxe2+ 20. Qxe2+
fxe2 21. c7+ Nd7 22. Ba6 Ke7 23. c8=N+ Raxc8 24. Bxc8 Rxc8 25. Rxh5 Rxc2 $17
26. Rh2 Bxb2 27. Bxb2 Rxb2 28. Rxe2+ Rxe2+ 29. Kxe2 a5 $17 30. Kd3 Nb6 31. Ke4
(31. Kc2 Kf6 32. Kb3 Kxf5 33. Rf1+ Ke6 34. Re1+ Kd7 35. Rf1 Ke7 $17) 31... b3
32. Kd3 b2 33. Rb1 Nxa4 34. Rf1 Kf6 35. Kc2 d5 36. Kb3 Nc5+ 37. Kxb2 d4 38. Rh1
{tu program pokazuje -+  1.53, i nie pamietam skad ten remis.} 1/2-1/2

[Event "email op 11.006 MAPEJK"]
[Site "?"]
[Date "2007.??.??"]
[Round "?"]
[White "Sternik, Ryszard"]
[Black "Chramkow, Aleksiej"]
[Result "1-0"]
[WhiteElo "1800"]
[BlackElo "1899"]
[Annotator "Sternik,Ryszard"]
[PlyCount "53"]

1. e4 e5 2. f4 d5 3. exd5 e4 4. d3 Nf6 5. dxe4 Nxe4 6. Nf3 Bg4 (6... Be7 7. Qd4
Nf6 8. Nc3 O-O 9. Be3 Nbd7 10. O-O-O Re8 11. Bg1 a6 12. h3 b5 13. g4 Bb7 14. g5
Nh5 15. a3 Bd6 16. Kb1 Bxf4 17. Bh2 Be3 18. Qg4 g6 19. Bg2 Nb6 20. h4 Nc4 21.
Bf1 Bc8 22. Qg2 Nd6 {Bronstein,D-Moyse,N, Roma 1990 (1:0-1990)}) 7. Bd3 (7. Be3
Bd6 8. Bb5+ Nd7 9. O-O O-O 10. Qd3 Ndc5 11. Qd4 Bxf3 12. Rxf3 a6 13. Bf1 Re8
14. b4 Nd7 15. Nd2 Ndf6 16. Rb1 a5 17. a3 axb4 18. axb4 Qd7 19. Bd3 Nxd2 20.
Bxd2 Bf8 21. Rg3 Nxd5 22. Bc3 f6 23. Bc4 c6 {
Kalendovsky,J-Uhmann,J, Brno op 1996 (remnis-69)}) 7... Qe7 8. Qe2 {
[%emt 0:00:00]} Bxf3 (8... Nf6 9. Qxe7+ Bxe7 10. Ne5 Bc5 11. Nd2 Nbd7 12. h3
Bh5 13. g4 Nxe5 14. fxe5 Nxd5 15. gxh5 O-O-O 16. Nb3 {
1:0 - Stanley,B-Bames,T, email IECC KO 2002}) 9. gxf3 $16 Nf6 {[%emt 0:00:00]}
10. Qxe7+ Bxe7 11. Nc3 (11. c4 {silniejsze} c6 12. Rg1 O-O 13. Nc3 cxd5 14.
Nxd5 Nxd5 15. cxd5 Bc5 16. Rg2 $16) 11... O-O 12. Bd2 Bb4 (12... Rd8 13. O-O-O
Nbd7 14. Rhe1 Bb4 15. Be4 $16) 13. O-O-O Nbd7 14. a3 Bd6 15. Rhg1 Nc5 16. Bf5
a5 (16... Rfe8 17. b4 Ncd7 18. Ne4 a5 19. bxa5 Bxa3+ 20. Kb1 g6 21. c4 $16) 17.
Be3 Rfe8 18. Bd4 Kh8 19. Kb1 Rg8 20. Ne4 Ncxe4 21. fxe4 Bxf4 22. Rdf1 Bh6 23.
Rg3 Rae8 24. Rh3 Ng4 25. Bc3 Ne5 26. Rxh6 gxh6 27. Be6 {Chramkow nie mial
chyba 1899, z przebiegu partii widac, ze to slaby szachista.  Turniej
niedokonczony - gralo nas 11-stu.  1.Schulz,HJ GER     4     z 5   1875  2.
Abreu,E CUB         3,5 z 5    2082  3.Sternik,R               3,5  z 6   1800}
1-0

[Event "email op-15-002 MAPEJK"]
[Site "?"]
[Date "2006.??.??"]
[Round "?"]
[White "Sternik, Ryszard POL"]
[Black "Martinez, Augusto ARG"]
[Result "1-0"]
[WhiteElo "1800"]
[BlackElo "1805"]
[PlyCount "67"]
[EventDate "2005.11.02"]

1. e4 d6 2. d4 Nf6 3. Nc3 g6 4. f3 c6 (4... Bg7 5. Be3 c6 6. Qd2 b5 7. h4 h5 8.
O-O-O Qa5 9. Kb1 Nbd7 10. Nh3 Nb6 11. e5 Nfd5 12. Nxd5 Qxd2 13. Bxd2 Nxd5 14.
exd6 Bxh3 15. Rxh3 exd6 16. c4 bxc4 17. Bxc4 Nb6 18. Bb3 d5 19. Bc3 Kd7 20. f4
f5 21. Rg3 Rh6 22. Bc2 Bf8 23. Re3 Re8 24. Rxe8 Kxe8 25. Bd3 Rh7 {
Pridoroznyj,A-Lahno,K, Czigorin 10 mem 2002 (remis-44)}) 5. Be3 (5. Bg5 b5 6.
Qd2 Nbd7 $6 7. Nh3 $1 h6 8. Be3 Bg7 9. Nf2 Bb7 10. Be2 Qc7 11. O-O a6 (11...
Nb6 $1) 12. a4 b4 13. Ncd1 a5 (13... c5 $1) 14. c3 bxc3 15. bxc3 Rb8 16. Nb2 h5
17. f4 $1 d5 $2 (17... O-O $5) 18. f5 $1 e5 19. fxe6 fxe6 20. Bd3 dxe4 21. Nxe4
Ng4 22. Bf4 e5 23. Bg3 Bh6 24. Qe2 Rf8 25. Nc5 Bf4 26. Bxf4 Rxf4 27. Rxf4 {
1:0 - Hubner,R-Van der Sterren,P, Wijk aan Zee 1984}) 5... b5 6. g4 (6. Qd2
Nbd7 7. Bd3 Bg7 8. a4 b4 9. Nd1 a5 10. Ne2 O-O 11. O-O e5 12. c3 d5 13. Nf2
bxc3 14. bxc3 c5 15. dxe5 Nxe5 16. Bxc5 dxe4 17. Bxf8 Bxf8 18. fxe4 Ba6 19.
Rad1 Nxd3 20. Nxd3 Qb6+ 21. Kh1 Nxe4 22. Qa2 Qc7 23. Nf2 {
remis - Frolow,A-GArcia MArtinez,S, Capablanca mem-A 1991}) 6... h5 7. g5 Nfd7
8. f4 (8. d5 a6 9. Bd4 Rg8 10. f4 Bb7 11. Bg2 b4 12. Nce2 cxd5 13. exd5 Nb6 14.
c4 Nxc4 15. Qb3 Nb6 16. Qxb4 N8d7 17. Nc3 Rc8 18. Nge2 Rc4 19. Qb3 Bg7 20. Bxg7
Rxg7 21. O-O Rg8 22. Qd1 Qa8 23. Qd2 Kf8 24. Rad1 Kg7 25. Qe3 e6 26. Nd4 Re8 {
Wysochin,S-Schmaltz,R, Liossia Anc op Grecja 2000 (0:1-98)}) 8... Bg7 (8... b4
9. Nce2 Nb6 10. b3 Bg7 11. Bg2 Bb7 12. Nh3 N8d7 13. a4 a5 14. Rc1 c5 15. d5 Qc7
16. O-O e6 17. dxe6 fxe6 18. c4 O-O-O 19. Qc2 Rhe8 20. Rf2 Kb8 21. Qd3 Bc6 22.
Ng3 Nf8 {Madl,I-Riezniece,D, Olimpiada w 1998 (0:1-60)}) 9. a3 $14 Qc7 $6 (9...
Nb6 10. Qf3 Nc4 11. Bxc4 bxc4 12. Qe2 d5 13. Nf3 Qd6 $11) 10. Nf3 Bb7 $6 (10...
Nb6 11. Bd3 a6 12. Qe2 O-O 13. O-O-O c5 $14) 11. f5 (11. Bg2 a5 12. O-O O-O 13.
f5 b4 14. axb4 axb4 15. Rxa8 Bxa8 16. Ne2 c5 17. Nh4 $16) 11... gxf5 12. exf5
Na6 {Skoczek tu troche postoi} (12... Nb6 13. Rg1 N8d7 14. Nd2 d5 $16) 13. Qe2
O-O-O 14. Bh3 $16 Kb8 15. O-O-O (15. O-O {
na otwartej linii Krol bedzie narznony na atak} Rde8 16. Nd2 Nb6 17. Bg2 h4 $14
) 15... Nb6 16. g6 fxg6 17. Ng5 {podwojne uderzenie: e6 i f7} Bc8 18. Nf7 Bxf5
19. Bxf5 gxf5 20. Nxd8 (20. Rhg1 {troche slabsze} Rh7 21. Nxd8 Qxd8 22. Qf3 Qc8
23. Bg5 e5 $14) 20... Rxd8 21. Rhg1 $6 (21. Bg5 Rh8 22. Bxe7 Bh6+ (22... Re8 $4
23. Bxd6 Bh6+ 24. Kb1 Rxe2 25. Bxc7+ Nxc7 26. Nxe2 {z latwa wygrana}) 23. Kb1
Nc4 24. Bh4 $16) 21... Bf6 $6 {ciekawa pozycja: czarne maja 2 piony wiecej za
jakosc, ale ich figury nie wspoldzialaja} (21... e5 22. d5 e4 23. Bd4 Bxd4 24.
Rxd4 Nc5 $14) 22. Bg5 Nc4 23. Bxf6 exf6 24. d5 (24. Qxh5 b4 25. Nb1 Qb6 (25...
bxa3 $6 26. Nxa3 Nxa3 27. bxa3 Qd7) 26. Qf7 d5 27. Rg8 Rxg8 28. Qxg8+ Kb7 29.
Qg7+ Nc7 30. axb4 $16) 24... Nc5 {Skoczek wreszcie wszedl do gry} 25. Qxh5 Ne4
$6 {a co mozna zagrac silniej?} (25... Ne3 26. Rd4 Ne4 27. Nxe4 fxe4 28. dxc6
Qxc6 29. Qe2 Rc8 30. c3 $18 {z latwa wygrana}) (25... Na4 26. Nxa4 bxa4 27.
Qxf5 Ne3 28. Qxf6 Nxd1 29. Rxd1 cxd5 30. Rxd5 $18) 26. Na2 cxd5 (26... c5 27.
Qxf5 Re8 28. Qh5 Rf8 29. Qh6 $18) 27. Nb4 Qd7 28. Qh6 (28. Nxd5 Rc8 29. Rg2 f4
30. Qf3 f5 31. Qxf4 $18) 28... Re8 29. Rg7 Qc8 30. Qg6 Rf8 31. Rxd5 a6 32. Qg1
Nc5 33. b3 Nxa3 34. Rxc5 {Turniej niedokonczony - gralo 15-tu:  uzbieralem 7,5
z 12  Abreu,E CUB        4,5 z 5   2082  Vetter,U GER        3    z 4  1842}
1-0

[Event "email B-133 FICGS"]
[Site "?"]
[Date "2009.??.??"]
[Round "?"]
[White "Ignatiew, Wladimir ROS"]
[Black "Sternik, Ryszard POL"]
[Result "0-1"]
[WhiteElo "1800"]
[BlackElo "1894"]
[PlyCount "56"]
[EventDate "2001.10.03"]

1. e4 e5 2. f4 d5 3. exd5 e4 4. c4 (4. Nc3 Nf6 5. Qe2 Bg4 6. Qe3 Be7 7. Bb5+ c6
8. dxc6 bxc6 9. Ba4 O-O 10. Nge2 Qa5 11. Nd4 Bc5 12. Nb3 Bxe3 13. Nxa5 Bxf4 14.
O-O Bd6 15. Nxc6 Bd7 16. Nxb8 Bxa4 17. Nxa4 Raxb8 18. b3 Rfc8 19. c4 Be5 20.
Bb2 Bxb2 21. Nxb2 Rd8 22. Rad1 Ng4 {
Kobus,S-Mokwa,M, Gdansk ch 8 op 2006 (1;0-69)}) 4... Qh4+ (4... c6 5. Nc3 Nf6
6. Qc2 Na6 7. a3 Bf5 8. Nge2 Nc5 9. Nd4 Nd3+ 10. Bxd3 exd3 11. Qa4 Qe7+ 12. Kf1
Bd7 13. b4 g6 14. Bb2 Qd6 15. Re1+ Be7 16. g3 c5 17. Ndb5 Qb6 18. Qa5 Bh3+ 19.
Kg1 Kd7 20. Qxb6 axb6 21. d6 Bxd6 22. Nxd6 Kxd6 23. Nb5+ {
1:0 - Molinari,G-Brokken,D, Holandia ch U-20 - Henge 1999}) 5. g3 Qe7 6. Nc3
Nf6 7. Bg2 Na6 (7... Bf5 8. h3 h5 9. Qb3 c6 10. Nge2 cxd5 11. Qb5+ Qd7 12. cxd5
$14) 8. Nge2 Nb4 9. O-O $2 (9. Qb3 Nd3+ 10. Kf1 Nc5 11. Qc2 Bg4 12. Nd4 $11)
9... Qc5+ 10. Kh1 Qxc4 11. b3 Qc5 (11... Qd3 12. f5 Nbxd5 13. Nxd5 Qxd5 14. Nc3
Qd4 $11) 12. Nxe4 Nxe4 13. Bxe4 Bh3 ({troche lepsze} 13... Nd3 14. d6 (14. Bxd3
$2 Qxd5+) 14... Bxd6 15. Kg2 Bg4 $15) 14. Rf3 O-O-O 15. d4 Qb6 16. a3 $6 (16.
f5 {tez nie lepsze} Bg4 17. Rf2 Re8 18. Bf3 Bxf5 $17) 16... f5 17. axb4 fxe4
18. Re3 Bg4 19. Bd2 $6 (19. Qc2 Bf3+ 20. Kg1 Rxd5 21. Qc4 Rd7 $17) 19... Bf3+
20. Kg1 Rxd5 21. Qe1 Be7 22. Kf2 Rh5 23. h4 $2 (23. Qg1 Rd8 24. Kf1 Qh6 25. h4
Qb6 $19 {tez wygrywa}) 23... Rxh4 $1 24. Rxf3 (24. gxh4 $4 Bxh4+ 25. Kf1 Bxe1)
24... Rh2+ 25. Ke3 exf3 26. Ng1 Bxb4 27. Bxb4 Re8+ 28. Kxf3 Rxe1 {Z przebiegu
partii, uwazam, ze moj partner nie posiadal 1800.  Wyniki:  1.Leon,A ARG     
6 z 6   1800  2.Mieza.P.ESP     5 z 6   1800  3.Sternik,R           4 z 6   
1894} 0-1